Charles Bradlaugh (Record no. 477431)

000 -LEADER
fixed length control field 00359cam a22001337a 4500
008 - FIXED-LENGTH DATA ELEMENTS--GENERAL INFORMATION
fixed length control field 180718b1920 xxu||||| |||| 00| 0 eng d
082 ## - DEWEY DECIMAL CLASSIFICATION NUMBER
Classification number A99 B728 R547
100 ## - MAIN ENTRY--PERSONAL NAME
Personal name Robertson, J.M.
245 ## - TITLE STATEMENT
Title Charles Bradlaugh
Statement of responsibility, etc. by J.M. Robertson
260 ## - PUBLICATION, DISTRIBUTION, ETC.
Place of publication, distribution, etc. London
Name of publisher, distributor, etc. Watts
Date of publication, distribution, etc. 1920
300 ## - PHYSICAL DESCRIPTION
Extent 122p.
500 ## - GENERAL NOTE
General note Photostae Copy
650 ## - SUBJECT ADDED ENTRY--TOPICAL TERM
Topical term or geographic name entry element Bradlaugh, Charles, 1833-1891
Holdings
Withdrawn status Lost status Damaged status Not for loan Permanent Location Current Location Date acquired Full call number Barcode Date last seen Price effective from Koha item type
        Indian Institute of Public Administration Indian Institute of Public Administration 2018-08-04 A99 B728 R547 GR10454 2018-08-04 2018-08-04 GR

Powered by Koha